| 000 | 01018nam a2200289Ia 4500 | ||
|---|---|---|---|
| 003 | OSt | ||
| 005 | 20220918171028.0 | ||
| 006 | a|||||r|||| 00| 0 | ||
| 007 | ta | ||
| 008 | 220917b |||||||| |||| 00| 0 eng d | ||
| 020 |
_a9781138016811 (hbk) _c8684.45 |
||
| 024 | _a286,705 | ||
| 037 |
_b116, 04/12/2015, Classic Book Service _cTextual |
||
| 040 |
_aARTS _cARTS _beng |
||
| 041 |
_2eng _aeng |
||
| 082 | _aY33:7:7.6, Q4 | ||
| 100 |
_aKayizzi-Mugerwa Steve Ed. _927376 |
||
| 245 | 0 |
_aUrbanization and socio-economic development in Africa _b Challenges and opportunities |
|
| 260 |
_aNew York _bRoutledge U. S. A. _c2014 |
||
| 300 |
_axvi, 189p. _ccm. |
||
| 490 | _aRoutledge african studies | ||
| 650 | _aSOCIOLOGY | ||
| 700 |
_a Shimeles Abebe Ed. _933294 |
||
| 700 |
_a Yameogo Nadege Desiree Ed. _933295 |
||
| 942 |
_hY33:7:7.6, Q4 _cTEXL _2CC |
||
| 999 |
_c137381 _d137381 |
||